000 00369nam a2200145Ia 4500
008 100122s9999 xx 000 0 und d
082 _b30510
_a823
100 _aकवीश्वर छबुताई
245 _aशीळ
260 _bसुरस प्रकाशन
_c1980
300 _a84
630 _aशीळ
730 _aशीळ
942 _cBOOK
999 _c415341
_d415338